[Event "CHN-chT Div-A Rapid"]
[Site "Fuling"]
[Date "2022.09.14"]
[Round "7.3"]
[White "Huang, Qian"]
[Black "Guo, Qi"]
[Result "1/2-1/2"]
[WhiteElo "2433"]
[BlackElo "2406"]
[PlyCount "41"]
[EventDate "2022.09.06"]
[EventType "team-tourn (rapid)"]
[EventRounds "11"]
[EventCountry "CHN"]
[SourceTitle "CBM 210 Extra"]
[Source "ChessBase"]
[SourceDate "2022.11.30"]
[SourceVersion "1"]
[SourceVersionDate "2022.11.30"]
[SourceQuality "1"]
[WhiteTeam "Chongqing Ticai"]
[BlackTeam "Jiangsu"]
[WhiteTeamCountry "CHN"]
[BlackTeamCountry "CHN"]

1. d4 d5 2. c4 e6 3. Nc3 Be7 4. Nf3 Nf6 5. Bg5 h6 6. Bh4 0-0 7. e3 Ne4 8. Bxe7 Qxe7 9. Qc2 Nxc3 10. Qxc3 dxc4 11. Bxc4 c5 12. 0-0 cxd4 13. Nxd4 Bd7 14. Qb3 Be8 15. Rac1 Nc6 16. Nxc6 Bxc6 17. Bb5 Bd5 18. Bc4 Bc6 19. Bb5 Bd5 20. Bc4 Bc6 21. Bb5 1/2-1/2

[Event "CHN-chT Div-A"]
[Site "Fuling"]
[Date "2022.09.11"]
[Round "5.4"]
[White "Chu, Ruotong"]
[Black "Huang, Qian"]
[Result "1/2-1/2"]
[WhiteElo "2185"]
[BlackElo "2433"]
[PlyCount "94"]
[EventDate "2022.09.06"]
[EventType "team-tourn"]
[EventRounds "11"]
[EventCountry "CHN"]
[SourceTitle "CBM 210 Extra"]
[Source "ChessBase"]
[SourceDate "2022.11.30"]
[SourceVersion "1"]
[SourceVersionDate "2022.11.30"]
[SourceQuality "1"]
[WhiteTeam "Chengdu"]
[BlackTeam "Chongqing Ticai"]
[WhiteTeamCountry "CHN"]
[BlackTeamCountry "CHN"]

1. c4 c5 2. Nc3 Nf6 3. g3 g6 4. Bg2 Bg7 5. d3 Nc6 6. e4 d6 7. Nge2 0-0 8. 0-0 Rb8 9. Rb1 Ne8 10. Be3 Nc7 11. Qd2 Re8 12. f4 Ne6 13. f5 Ned4 14. Bh6 Bh8 15. Nxd4 cxd4 16. Nd5 Ne5 17. h4 b5 18. cxb5 Rxb5 19. Rbc1 Rc5 20. b4 Rxc1 21. Rxc1 Bg7 22. Bxg7 Kxg7 23. Rc7 f6 24. fxg6 hxg6 25. Qf2 Bd7 26. Rxa7 Nxd3 27. Qxd4 Ne5 28. Qb6 Qc8 29. Qc7 Qxc7 30. Rxc7 Rb8 31. a3 Kf7 32. Bf1 e6 33. Nf4 Ke7 34. Rc3 g5 35. hxg5 fxg5 36. Ne2 Nc6 37. Rd3 Ne5 38. Rc3 Nc6 39. Rd3 Ne5 40. Rb3 Nc6 41. Kf2 e5 42. Ke3 Bg4 43. Rc3 Kd7 44. Ng1 Nd4 45. Be2 Bxe2 46. Nxe2 Nb5 47. Rb3 Ra8 1/2-1/2

[Event "CHN-chT Div-A Rapid"]
[Site "Fuling"]
[Date "2022.09.06"]
[Round "1.6"]
[White "Huang, Qian"]
[Black "Yan, Tianqi"]
[Result "1-0"]
[WhiteElo "2433"]
[BlackElo "2188"]
[PlyCount "73"]
[EventDate "2022.09.06"]
[EventType "team-tourn (rapid)"]
[EventRounds "11"]
[EventCountry "CHN"]
[SourceTitle "CBM 210 Extra"]
[Source "ChessBase"]
[SourceDate "2022.11.30"]
[SourceVersion "1"]
[SourceVersionDate "2022.11.30"]
[SourceQuality "1"]
[WhiteTeam "Chongqing Ticai"]
[BlackTeam "Hangzhou Bank"]
[WhiteTeamCountry "CHN"]
[BlackTeamCountry "CHN"]

1. Nf3 d5 2. g3 Nf6 3. Bg2 c5 4. 0-0 Nc6 5. d3 e5 6. e4 d4 7. Na3 Qc7 8. Nb5 Qb8 9. a4 Be7 10. Na3 0-0 11. Nc4 Be6 12. b3 Nd7 13. Ng5 Bxg5 14. Bxg5 Bxc4 15. bxc4 Qd6 16. Bd2 a5 17. f4 f6 18. Bh3 Rf7 19. Rf2 Nb4 20. Bg4 Re7 21. h4 Qc6 22. Bh3 Nb6 23. fxe5 Rxe5 24. h5 Nxa4 25. h6 g6 26. Qf1 Rf8 27. Bf4 Ree8 28. Rxa4 Qxa4 29. Bd6 Qc6 30. Bxf8 Rxf8 31. e5 f5 32. g4 Qe8 33. gxf5 Qxe5 34. Qg2 Qe3 35. fxg6 Qxf2+ 36. Qxf2 Rxf2 37. Be6+ 1-0

[Event "CHN-chT Div-A"]
[Site "Fuling"]
[Date "2022.09.06"]
[Round "1.6"]
[White "Zhai, Mo"]
[Black "Huang, Qian"]
[Result "0-1"]
[WhiteElo "2374"]
[BlackElo "2433"]
[PlyCount "82"]
[EventDate "2022.09.06"]
[EventType "team-tourn"]
[EventRounds "11"]
[EventCountry "CHN"]
[SourceTitle "CBM 210 Extra"]
[Source "ChessBase"]
[SourceDate "2022.11.30"]
[SourceVersion "1"]
[SourceVersionDate "2022.11.30"]
[SourceQuality "1"]
[WhiteTeam "Hangzhou Bank"]
[BlackTeam "Chongqing Ticai"]
[WhiteTeamCountry "CHN"]
[BlackTeamCountry "CHN"]

1. d4 d5 2. c4 c6 3. Nf3 Nf6 4. Nc3 dxc4 5. a4 Bf5 6. Ne5 Nbd7 7. Nxc4 Nb6 8. Ne5 a5 9. g3 e6 10. Bg2 Bb4 11. 0-0 0-0 12. Re1 h6 13. e4 Bh7 14. Nd3 Be7 15. Nc5 Nbd7 16. Nd3 Nb6 17. Nf4 Bb4 18. h3 Re8 19. Nd3 Bf8 20. Nc5 Nbd7 21. Nxb7 Qb6 22. e5 Qxb7 23. exf6 Nxf6 24. Qe2 Rac8 25. Be3 Nd5 26. Rec1 Nxe3 27. fxe3 Qb8 28. g4 c5 29. d5 Qe5 30. Bf3 c4 31. Re1 exd5 32. Nxd5 Rb8 33. Ra2 Qg3+ 34. Bg2 Bd6 35. Rd1 Qh2+ 36. Kf1 Bd3 37. Rxd3 cxd3 38. Qxd3 Rec8 39. Qd2 Qe5 40. Qxa5 Rc1+ 41. Ke2 Rc2+ 0-1

[Event "Online Olym Div Top-A"]
[Site "Chess.com INT"]
[Date "2021.09.10"]
[Round "7.4"]
[White "Purtseladze, Maka"]
[Black "Huang, Qian"]
[Result "1/2-1/2"]
[WhiteElo "2274"]
[BlackElo "2433"]
[PlyCount "131"]
[EventDate "2021.09.08"]
[EventType "team (rapid)"]
[EventRounds "9"]
[EventCountry "USA"]
[SourceTitle "CBM 204 Extra"]
[Source "ChessBase"]
[SourceDate "2021.11.30"]
[SourceVersion "1"]
[SourceVersionDate "2021.11.30"]
[SourceQuality "1"]
[WhiteTeam "Georgia"]
[BlackTeam "China"]
[WhiteTeamCountry "GEO"]
[BlackTeamCountry "CHN"]

1. d4 d5 2. c4 c6 3. Nf3 Nf6 4. e3 e6 5. Bd3 a6 6. b3 Bb4+ 7. Bd2 Bd6 8. Nc3 Nbd7 9. 0-0 0-0 10. a4 e5 11. cxd5 cxd5 12. dxe5 Nxe5 13. Be2 Be6 14. a5 Rc8 15. Na4 Ned7 16. Nd4 Ne4 17. f4 Nxd2 18. Qxd2 Nf6 19. Bf3 Qe7 20. Nb6 Rcd8 21. Qd3 Bc5 22. Rfc1 Bxb6 23. axb6 Qd6 24. Nxe6 fxe6 25. Qd4 Rc8 26. b4 Nd7 27. f5 Ne5 28. Rxc8 Rxc8 29. fxe6 Nxf3+ 30. gxf3 Qxe6 31. Rd1 Kh8 32. Qxd5 Qxe3+ 33. Kh1 Qxb6 34. Qd4 Qxd4 35. Rxd4 h6 36. Kg2 Rc7 37. Rd6 Kg8 38. Kg3 Rc6 39. Rd7 Rb6 40. Rd4 Kf7 41. Re4 Rb5 42. h4 Kf6 43. Kg4 a5 44. bxa5 Rxa5 45. Rb4 b5 46. f4 Ke6 47. h5 Kd5 48. Kf5 Kc5 49. Rb1 b4 50. Kg6 Ra7 51. f5 Kc4 52. f6 gxf6 53. Kxh6 Ra5 54. Rf1 f5 55. Rf4+ Kc3 56. Rf3+ Kb2 57. Kg6 b3 58. h6 Ra6+ 59. Kg5 Ka2 60. Rxf5 b2 61. Rf2 Ka1 62. Rxb2 Kxb2 63. h7 Ra8 64. Kg6 Rh8 65. Kg7 Rxh7+ 66. Kxh7 1/2-1/2

[Event "Ningbo Yinzhou Cup (Women)"]
[Site "Ningbo"]
[Date "2019.12.23"]
[Round "6.2"]
[White "Huang, Qian"]
[Black "Zhu, Jiner"]
[Result "1-0"]
[WhiteElo "2429"]
[BlackElo "2461"]
[PlyCount "135"]
[EventDate "2019.12.22"]
[EventType "tourn (rapid)"]
[EventRounds "6"]
[EventCountry "CHN"]
[EventCategory "7"]
[SourceTitle "CBM 193 Extra"]
[Source "ChessBase"]
[SourceDate "2020.01.31"]
[SourceVersion "1"]
[SourceVersionDate "2020.01.31"]
[SourceQuality "1"]

1. Nf3 Nf6 2. g3 e6 3. Bg2 d5 4. 0-0 Be7 5. c4 d4 6. e3 c5 7. exd4 cxd4 8. d3 Nc6 9. Re1 0-0 10. Na3 Nd7 11. Nc2 Qb6 12. Rb1 a5 13. Bf4 Re8 14. b3 Bf8 15. a3 e5 16. b4 axb4 17. axb4 f6 18. Bd2 Qd8 19. Nh4 Nb6 20. b5 Ne7 21. Nb4 g5 22. Nf3 Ng6 23. h4 e4 24. dxe4 g4 25. Nh2 Nxc4 26. Nd5 Nge5 27. Bf4 d3 28. Nf1 Be6 29. Nd2 Nxd2 30. Qxd2 Ra3 31. Rbc1 Bd6 32. Re3 Bxd5 33. exd5 Qa5 34. Qxa5 Rxa5 35. Bxe5 fxe5 36. Rxd3 Rxb5 37. Rdc3 Kg7 38. Be4 Re7 39. Rc8 Rf7 40. R1c2 Rb4 41. R8c4 Rb1+ 42. Kg2 Rf6 43. Rc7+ Kg8 44. Bxh7+ Kh8 45. Rd7 Rb4 46. h5 Bf8 47. Bg6 b6 48. Rc6 Rf3 49. d6 e4 50. Rc2 Rd4 51. Rh7+ Kg8 52. Re7 e3 53. Rxe3 Rxe3 54. fxe3 Rxd6 55. Bf5 b5 56. Bxg4 b4 57. Bf5 b3 58. Rc8 b2 59. Rb8 Rd2+ 60. Kf3 Rh2 61. g4 Kf7 62. Bg6+ Kg7 63. g5 Be7 64. Rb7 Kf8 65. Kg3 Re2 66. h6 Rxe3+ 67. Kf4 Re1 68. Rb8+ 1-0

[Event "Ningbo Yinzhou Cup (Women)"]
[Site "Ningbo"]
[Date "2019.12.22"]
[Round "3.2"]
[White "Huang, Qian"]
[Black "Zhai, Mo"]
[Result "1-0"]
[WhiteElo "2429"]
[BlackElo "2366"]
[PlyCount "69"]
[EventDate "2019.12.22"]
[EventType "tourn (rapid)"]
[EventRounds "6"]
[EventCountry "CHN"]
[EventCategory "7"]
[SourceTitle "CBM 193 Extra"]
[Source "ChessBase"]
[SourceDate "2020.01.31"]
[SourceVersion "1"]
[SourceVersionDate "2020.01.31"]
[SourceQuality "1"]

1. Nf3 d5 2. g3 Nf6 3. Bg2 e6 4. 0-0 Be7 5. d4 0-0 6. c4 dxc4 7. Qa4 a6 8. Qxc4 b5 9. Qc2 Bb7 10. Bg5 Be4 11. Qc1 Nbd7 12. Nbd2 Bd5 13. Re1 c5 14. dxc5 Nxc5 15. Bxf6 gxf6 16. Nf1 Qb6 17. Qh6 Rad8 18. g4 Ne4 19. e3 Rfe8 20. Ng3 Bf8 21. Qh5 Qb7 22. g5 f5 23. Nh4 Nxg3 24. hxg3 Bg7 25. Re2 Qe7 26. Bxd5 Rxd5 27. Kg2 Qb4 28. Nf3 Qc4 29. Rae1 Rc8 30. b3 Qg4 31. Qh2 Rc3 32. Rh1 f4 33. Qxh7+ Kf8 34. Qe4 Rf5 35. Rh4 1-0

[Event "CHN-chT"]
[Site "China"]
[Date "2019.12.04"]
[Round "19.4"]
[White "Huang, Qian"]
[Black "Wang, Yu A"]
[Result "1-0"]
[WhiteElo "2429"]
[BlackElo "2293"]
[PlyCount "159"]
[EventDate "2019.04.09"]
[EventType "team-tourn"]
[EventRounds "22"]
[EventCountry "CHN"]
[SourceTitle "CBM 195 Extra"]
[Source "ChessBase"]
[SourceDate "2020.05.31"]
[SourceVersion "1"]
[SourceVersionDate "2020.05.31"]
[SourceQuality "1"]
[WhiteTeam "Chongqing Jiulongpo Yucai"]
[BlackTeam "Beijing Beiao"]
[WhiteTeamCountry "CHN"]
[BlackTeamCountry "CHN"]

1. Nf3 d5 2. g3 Nf6 3. Bg2 c6 4. 0-0 Bf5 5. c4 e6 6. cxd5 exd5 7. d3 Be7 8. Qb3 Qb6 9. Qc2 0-0 10. Nc3 h6 11. e4 dxe4 12. dxe4 Bh7 13. Be3 Qa5 14. Qb3 Qb4 15. e5 Ne4 16. Qxb4 Bxb4 17. Nxe4 Bxe4 18. Rfd1 Bc2 19. Rdc1 Bh7 20. Rc4 Na6 21. Nd4 Rae8 22. f4 Bd3 23. Rcc1 Bc5 24. Rc3 Bh7 25. Bf1 Bb4 26. Rcc1 Nc7 27. Nb3 f6 28. a3 Be7 29. Bxa7 fxe5 30. fxe5 Bg5 31. Re1 Rf3 32. Be2 Rf5 33. Bd4 Kh8 34. Bg4 Rff8 35. Nc5 Rd8 36. Bf2 Rd2 37. Re2 Rxe2 38. Bxe2 Re8 39. Nxb7 Rxe5 40. Bf1 Rd5 41. h4 Bf6 42. Rc1 Bxb2 43. Rxc6 Rd1 44. Nc5 Nd5 45. Rc8+ Bg8 46. a4 Kh7 47. Re8 Nc3 48. Re1 Bd5 49. a5 Rxe1 50. Bxe1 Nd1 51. Bd3+ Kg8 52. Be4 Bd4+ 53. Kh2 Bc4 54. Nd3 Ne3 55. Bb4 Kf7 56. h5 Kf6 57. Bc5 Ng4+ 58. Kg2 Bc3 59. Bb6 Kg5 60. Nf4 Nf6 61. Bb7 Nxh5 62. Nxh5 Kxh5 63. a6 Bxa6 64. Bxa6 Kg5 65. Be3+ Kf6 66. Be2 Be5 67. Kh3 Bc3 68. Kg4 Be5 69. Bd3 Bc3 70. Bf4 Bd4 71. Kh5 Bc3 72. Bc7 Be1 73. Bd8+ Kf7 74. g4 Bc3 75. Bc4+ Kf8 76. Kg6 Bd4 77. Ba5 Bf6 78. Bb4+ Ke8 79. Bf7+ Kd8 80. Bf8 1-0

[Event "RUS-CHN Summit (Women) 12th"]
[Site "Moscow"]
[Date "2019.11.26"]
[Round "1.5"]
[White "Huang, Qian"]
[Black "Bivol, Alina"]
[Result "1/2-1/2"]
[WhiteElo "2427"]
[BlackElo "2374"]
[PlyCount "81"]
[EventDate "2019.11.26"]
[EventType "schev"]
[EventRounds "5"]
[EventCountry "RUS"]
[SourceTitle "CBM 193 Extra"]
[Source "ChessBase"]
[SourceDate "2020.01.31"]
[SourceVersion "1"]
[SourceVersionDate "2020.01.31"]
[SourceQuality "1"]

1. Nf3 Nf6 2. g3 g6 3. Bg2 Bg7 4. 0-0 0-0 5. d4 d6 6. b3 e5 7. dxe5 Nfd7 8. Bb2 Nc6 9. Qd2 Ndxe5 10. c4 a5 11. Nc3 a4 12. Nxe5 Nxe5 13. Rad1 axb3 14. axb3 Be6 15. Qc1 Re8 16. Rfe1 Ra6 17. Nb5 Qc8 18. f4 Nd7 19. Bxg7 Kxg7 20. e4 Bg4 21. Rd2 Nf8 22. f5 gxf5 23. h3 Bh5 24. exf5 f6 25. g4 Bf7 26. Rde2 Re5 27. Rxe5 dxe5 28. Rd1 Be8 29. g5 Kh8 30. gxf6 Rxf6 31. Qg5 Qxf5 32. Qxf5 Rxf5 33. Nxc7 Bc6 34. Bxc6 bxc6 35. Rd6 Rf3 36. b4 e4 37. Kg2 Ng6 38. Ne6 Nh4+ 39. Kh2 h6 40. Nd4 Rd3 41. Rxh6+ 1/2-1/2

[Event "CHN-chT"]
[Site "China"]
[Date "2019.11.22"]
[Round "17.5"]
[White "Huang, Qian"]
[Black "Lagno, Kateryna"]
[Result "1/2-1/2"]
[WhiteElo "2429"]
[BlackElo "2549"]
[PlyCount "60"]
[EventDate "2019.04.09"]
[EventType "team-tourn"]
[EventRounds "22"]
[EventCountry "CHN"]
[SourceTitle "CBM 195 Extra"]
[Source "ChessBase"]
[SourceDate "2020.05.31"]
[SourceVersion "1"]
[SourceVersionDate "2020.05.31"]
[SourceQuality "1"]
[WhiteTeam "Chongqing Jiulongpo Yucai"]
[BlackTeam "Chengdu Beilei Youth"]
[WhiteTeamCountry "CHN"]
[BlackTeamCountry "CHN"]

1. c4 Nf6 2. Nc3 g6 3. e4 e5 4. Nf3 Bg7 5. Nxe5 0-0 6. Nf3 Re8 7. d3 d5 8. cxd5 Nxd5 9. Nxd5 Qxd5 10. Be2 Qd6 11. 0-0 c5 12. e5 Qd5 13. Be3 Nc6 14. Rc1 Nxe5 15. Rxc5 Qxa2 16. Nxe5 Rxe5 17. Rc7 Re8 18. d4 Be6 19. Bf3 Rad8 20. Rxb7 Bd5 21. Bxd5 Qxd5 22. Rxa7 Bxd4 23. Bxd4 Qxd4 24. Qxd4 Rxd4 25. Rb7 Re2 26. g3 Rdd2 27. Kg2 Rxb2 28. Rxb2 Rxb2 29. h4 h5 30. Rc1 Kg7 1/2-1/2

[Event "China zt 3.5 (Women)"]
[Site "Zibo"]
[Date "2019.09.11"]
[Round "11"]
[White "Li, Yunshan"]
[Black "Huang, Qian"]
[Result "1/2-1/2"]
[WhiteElo "2261"]
[BlackElo "2429"]
[PlyCount "60"]
[EventDate "2019.09.05"]
[EventType "swiss"]
[EventRounds "11"]
[EventCountry "CHN"]
[SourceTitle "EXT 2020"]
[Source "ChessBase"]
[SourceDate "2019.10.17"]
[SourceVersion "1"]
[SourceVersionDate "2019.10.17"]
[SourceQuality "1"]

1. d4 d5 2. c4 c6 3. cxd5 cxd5 4. Nc3 Nf6 5. Nf3 Nc6 6. Bf4 Bf5 7. e3 e6 8. Bd3 Bxd3 9. Qxd3 Bd6 10. Bxd6 Qxd6 11. 0-0 0-0 12. Rfc1 Rfc8 13. h3 h6 14. a3 Nd7 15. Na4 Ne7 16. Nd2 Rxc1+ 17. Rxc1 Rc8 18. Rxc8+ Nxc8 19. Qc3 Ne7 20. Nb3 b6 21. Nd2 Qc6 22. Qxc6 Nxc6 23. Nc3 Kf8 24. Kf1 Ke7 25. Ke2 Kd6 26. Kd3 a6 27. b3 Ke7 28. Ke2 Kd6 29. Kd3 Ke7 30. Ke2 Kd6 1/2-1/2

[Event "China zt 3.5 (Women)"]
[Site "Zibo"]
[Date "2019.09.09"]
[Round "7"]
[White "Lei, Tingjie"]
[Black "Huang, Qian"]
[Result "1/2-1/2"]
[WhiteElo "2483"]
[BlackElo "2429"]
[PlyCount "59"]
[EventDate "2019.09.05"]
[EventType "swiss"]
[EventRounds "11"]
[EventCountry "CHN"]
[SourceTitle "EXT 2020"]
[Source "ChessBase"]
[SourceDate "2019.10.17"]
[SourceVersion "1"]
[SourceVersionDate "2019.10.17"]
[SourceQuality "1"]

1. d4 d5 2. c4 c6 3. cxd5 cxd5 4. Bf4 Nc6 5. e3 Nf6 6. Nc3 Bf5 7. Qb3 Na5 8. Qa4+ Bd7 9. Qd1 Rc8 10. Nf3 e6 11. Bd3 Bb4 12. 0-0 0-0 13. Ne5 Nc4 14. Nxc4 dxc4 15. Bc2 Bc6 16. Bg5 h6 17. Bh4 b5 18. f3 Be7 19. Bf2 b4 20. Ne2 Bb5 21. e4 Qc7 22. Rc1 Rfd8 23. Bb1 Nd7 24. Qc2 Nf8 25. f4 Qa5 26. Qd1 Ba4 27. Qe1 Bb5 28. Qd1 Ba4 29. Qe1 Bb5 30. Qd1 1/2-1/2

[Event "China zt 3.5 (Women)"]
[Site "Zibo"]
[Date "2019.09.09"]
[Round "8"]
[White "Yan, Tianqi"]
[Black "Huang, Qian"]
[Result "0-1"]
[WhiteElo "2122"]
[BlackElo "2429"]
[PlyCount "198"]
[EventDate "2019.09.05"]
[EventType "swiss"]
[EventRounds "11"]
[EventCountry "CHN"]
[SourceTitle "EXT 2020"]
[Source "ChessBase"]
[SourceDate "2019.10.17"]
[SourceVersion "1"]
[SourceVersionDate "2019.10.17"]
[SourceQuality "1"]

1. e4 d5 2. exd5 Qxd5 3. Nc3 Qd8 4. d4 Nf6 5. Nf3 g6 6. Bc4 Bg7 7. 0-0 0-0 8. Re1 Nc6 9. h3 b6 10. Bg5 Bb7 11. Qd2 e6 12. Rad1 Ne7 13. Ne5 a6 14. a3 Rc8 15. Qe2 b5 16. Bb3 Qd6 17. Bf4 Qb6 18. a4 b4 19. Nb1 Nf5 20. Be3 Nxe3 21. Qxe3 Rcd8 22. Bc4 Nd5 23. Bxd5 Rxd5 24. c4 bxc3 25. Nxc3 Rdd8 26. b4 Ba8 27. b5 Qa7 28. Qf4 axb5 29. axb5 Qa5 30. Rc1 Qb4 31. Red1 Rd6 32. Qe3 Rdd8 33. Qf4 Qd6 34. Ne4 Bxe5 35. dxe5 Qxd1+ 36. Rxd1 Rxd1+ 37. Kh2 Bxe4 38. Qxe4 Rd5 39. Qc4 Rxe5 40. Qxc7 Rxb5 41. Qc2 Rd5 42. Qb2 Rfd8 43. Qc3 h5 44. Qf6 R8d7 45. g4 hxg4 46. hxg4 Rd3 47. Kg2 R7d4 48. Qg5 Rb4 49. Kh2 Rb2 50. Qc5 Rdd2 51. Qc8+ Kh7 52. Kg3 Rxf2 53. Qf8 Rf1 54. Kh4 Rf3 55. Qd6 Rbb3 56. Qc7 Kh6 57. Qf4+ Kh7 58. Qc7 Rbc3 59. Qe7 Rcd3 60. Qc7 Rd5 61. Qh2 Rfd3 62. Qh1 Kg8 63. Qh2 Rd1 64. Qb8+ Kh7 65. Qf8 Rf1 66. Kg3 g5 67. Qc8 Rf4 68. Qc2+ Kg7 69. Qc3+ Rdd4 70. Qc5 Rxg4+ 71. Kh3 Rh4+ 72. Kg3 Rhg4+ 73. Kh3 Rd5 74. Qc3+ Rgd4 75. Kg3 Kg6 76. Qc8 Rd3+ 77. Kf2 Kg7 78. Qa8 Rd2+ 79. Ke1 R2d4 80. Kf2 Rd2+ 81. Ke1 Rb2 82. Qa1 Rdb5 83. Qa7 Re5+ 84. Kf1 Rf5+ 85. Ke1 Rbb5 86. Qd4+ Rbe5+ 87. Kd2 Kg6 88. Qa4 Rf4 89. Qe8 Kg7 90. Qe7 Rd4+ 91. Kc3 Rdd5 92. Qa7 g4 93. Qg1 Rg5 94. Qg3 Kg6 95. Qb8 g3 96. Qg8+ Kf6 97. Qh8+ Ke7 98. Qa8 g2 99. Qa7+ Kf8 0-1

[Event "China zt 3.5 (Women)"]
[Site "Zibo"]
[Date "2019.09.06"]
[Round "3"]
[White "Zhu, Jiner"]
[Black "Huang, Qian"]
[Result "1-0"]
[WhiteElo "2471"]
[BlackElo "2429"]
[PlyCount "75"]
[EventDate "2019.09.05"]
[EventType "swiss"]
[EventRounds "11"]
[EventCountry "CHN"]
[SourceTitle "EXT 2020"]
[Source "ChessBase"]
[SourceDate "2019.10.17"]
[SourceVersion "1"]
[SourceVersionDate "2019.10.17"]
[SourceQuality "1"]

1. e4 c5 2. Nf3 d6 3. d4 cxd4 4. Nxd4 Nf6 5. Nc3 a6 6. Be3 e5 7. Nb3 Be7 8. f3 Be6 9. Qd2 0-0 10. 0-0-0 a5 11. a4 Na6 12. g4 Nb4 13. Kb1 Rc8 14. Bb5 Qc7 15. g5 Nd7 16. f4 exf4 17. Bxf4 Ne5 18. Nd4 Bg4 19. Rdf1 Rfd8 20. h3 Bh5 21. Nf5 Bg6 22. Ne3 Bf8 23. h4 d5 24. Qh2 Qc5 25. exd5 Ng4 26. Nxg4 Nxc2 27. Ne5 Na3+ 28. Ka2 Nxb5 29. axb5 Be4 30. Qh3 Bxh1 31. Rxh1 Bd6 32. Rf1 Rc7 33. Be3 Qb4 34. Rf4 Bxe5 35. Rxb4 axb4 36. Na4 Rxd5 37. Bb6 Rc1 38. Nc3 1-0